| 000 | 01299nam a2200445 4500 | ||
|---|---|---|---|
| 001 | 45124 | ||
| 003 | DO-SdBPM | ||
| 005 | 20250523095139.0 | ||
| 007 | 45124 | ||
| 008 | 160922b2010 p| 00| 0 a spa d | ||
| 020 | _a9786124063749 | ||
| 040 |
_aDO-SdBPM _bspa _cBPMSU _erda |
||
| 082 | 4 |
_a833.7 _bG864ha 2010 _222 |
|
| 100 | 1 |
_aGrimm, Jacob Ludwig Karl, _c1785-1863. |
|
| 245 | 1 | 0 |
_aHansel y Gretel / _cJacobo y Guillermo Grimm ; ilustración Gerson Jara Morales |
| 250 | _a | ||
| 260 | _a | ||
| 264 |
_aLima, Perú : _bEditorial Educativa, _c2010 |
||
| 300 |
_a 8 p. : _bils. ; _c27cm. |
||
| 336 |
_atexto _btxt _2rdacontent |
||
| 337 |
_asin mediación _bn _2rdamedia |
||
| 338 |
_avolumen _bnc _2rdacarrier |
||
| 490 | 0 | _aCuentos selectos | |
| 500 | _a | ||
| 590 | _aInventariado, 2025/VM | ||
| 650 | 7 | _aCuentos infantiles alemanes | |
| 650 | 4 | _a Literatura infantil alemana | |
| 650 | 4 | _aCuentos infantiles alemanes | |
| 650 | _a | ||
| 650 | _a | ||
| 700 | 1 |
_aJara Morales, Gerson _eilustración |
|
| 740 | _a Caperucita roja | ||
| 740 | _aLa princesa y la rana La dama | ||
| 740 | _aLa Blancanieves | ||
| 740 | _aLa cenicienta | ||
| 740 | _aRuiponche | ||
| 740 | _aLos siente cuervos. | ||
| 910 | _aVMateo V. Control de calidad. BPMSU | ||
| 942 |
_2ddc _cBK |
||
| 999 |
_c15093 _d15093 |
||